The greatest little business book : the essential guide to starting a small business

Αποθηκεύτηκε σε:
Λεπτομέρειες βιβλιογραφικής εγγραφής
Κύριος συγγραφέας: Hingston, Peter
Άλλοι συγγραφείς: Hingston, Charlotte (Εικονογράφος)
Μορφή: Βιβλίο
Γλώσσα:English
Δημοσίευση: Great Britain : Hingston Publishing, 1998
Έκδοση:8th ed.
Θέματα:
Ετικέτες: Προσθήκη ετικέτας
Δεν υπάρχουν, Καταχωρήστε ετικέτα πρώτοι!

MARC

LEADER 00000nam a2200000 i 4500
001 1/57622
008 980515s1998 eng d
020 |a 0906555205 
035 |l 10028225 
040 |a GR-MY-UA  |b gre  |e aacr 
041 0 |a eng 
082 0 |a 658.022 
100 1 |a Hingston, Peter. 
245 1 4 |a The greatest little business book :  |b the essential guide to starting a small business /  |c Peter Hingston ; illustrations, cartoons and graphic design: Charlotte Hingston 
250 |a 8th ed. 
260 |a Great Britain :   |b Hingston Publishing,   |c 1998 
300 |a 118 σ. 
504 |a Περιλαμβάνει ευρετήριο 
650 0 0 |a Small business  |x Management. 
700 1 |a Hingston, Charlotte.  |4 ill 
852 |a INST  |b CHIOS  |e 19980515  |h 658.022 HIN  |p 005200016515  |q 005200016515  |t BK  |y 0 
901 |a BIBL2-1998-2 
909 |a Χ  |b 054429 
922 |a 2ΕΛΗ  |b 199805  |c ΤΔΕ  |d ΠΑΠΑΣΩΤΗΡΙΟΥ